Harry Potter: la Demiguise - Statistiques

Statistiques générales
  • Ce quiz a été pris 45 fois
  • Le résultat moyen est 5 sur 7
Statistiques - réponses
Information Réponses % Correct
Première mention Harry Potter et les Reliques de la Mort
83%
Première apparition Les Animaux Fantastiques 1
83%
Dernière apparition Les Animaux Fantastiques 1
83%
Description Espèce de singe gracieux avec de grands yeux noirs mélancoliques
67%
Couleur Argentée
61%
Particularité Se rendre invisible
58%
Particularité Prédire des futurs envisageables
25%
Aucun quiz correspondant
Distribution des résultats
% des personnes avec chaque résultat
Percentile par nombre de réponses
Votre historique - résultats
Vous n’avez pas pris ce quiz